LEADER 00978naa a2200229 u 4500 001 000000095567 003 CaOOAMICUS 005 20070226130143.0 008 040705s1986 it u000 u ita u 020 $a8806593412 035 $a11002986 040 $aIAR$bita 100 1 $aZarri, Gabriella,$d1942-$0(OLS)http://pul/name/6684 245 10$aMonasteri femminili e cittą :$b(secoli XV-XVIII) /$cGabriella Zarri. 260 $aTorino :$bGiulio Einaudi,$c1986. 300 $aS. 359-433, ;$c22 cm 650 4$aMonache$zItalia$ySec. XV-XVIII.$0(OLS)http://pul/subject/30402 773 0 $aStoria d'Italia (Giulio Einaudi ed.)$gAnnali 9. 773 0 $tStoria d'Italia. Annali. 9, La Chiesa e il potere politico dal Medioevo all'etą contemporanea$w()28851 996 $6020$a8806593412$9(OLS)http://pul/number/35870 996 $6245$aMonasteri femminili e cittą :$b(secoli XV-XVIII)$9(OLS)http://pul/title/122444 996 $6260$aTorino :$bGiulio Einaudi$9(OLS)http://pul/publisher/54573 LEADER 00981nam a2200241 a 4500 001 000000154180 003 CaOOAMICUS 005 20160922154921.0 008 160922s1981 it 000 u ita r 032 $aLibriCat 040 $aPUL$bita 100 1 $aMinguzzi, Italo Giorgio.$0(OLS)http://pul/name/98122 245 10$aLezioni sui contratti commerciali /$cItalo Giorgio Minguzzi. 260 $aRimini :$bMaggioli,$c©1981. 300 $a195 p. ;$c24 cm. 650 4$aDiritto commerciale$zItalia$xManuali.$0(OLS)http://pul/subject/20113 650 4$aDiritto privato$zItalia$vManuali, trattati, ecc.$0(OLS)http://pul/subject/25157 850 $aPUL 852 $aPUL$W1$xDP1 Fondo G. Barberini$y122$m4 F 46$j177236$qFondi$B180203$CPULBib$Z2$F180203 $HBar1460 $81 941 1 $a1 996 $6245$aLezioni sui contratti commerciali$9(OLS)http://pul/title/193771 996 $6260$aRimini :$bMaggioli$9(OLS)http://pul/publisher/54626